Το Μικρό Βιβλίο για τα Τρόφιμα / Μια Εκρηκτική Αφήγηση για τα Τρόφιμα που Τρώμε Σήμερα (Record no. 1999)
[ view plain ]
| 000 -LEADER | |
|---|---|
| fixed length control field | 02503cam a22002174a 4500 |
| 005 - ΗΜΕΡΟΜΗΝΙΑ ΚΑΙ ΩΡΑ ΤΕΛΕΥΤΑΙΑΣ ΕΝΗΜΕΡΩΣΗΣ | |
| Πεδίο ελέγχου | 20250605164026.0 |
| 008 - FIXED-LENGTH DATA ELEMENTS--GENERAL INFORMATION | |
| Πεδίο ελέγχου σταθερού μήκους | 250528s ||||||||||||||||||||||||d |
| 035 ## - SYSTEM CONTROL NUMBER | |
| System control number | 16505 |
| 020 ## - ISBN | |
| ISBN | 9608386179 |
| 040 ## - ΠΗΓΗ ΚΑΤΑΛΟΓΟΓΡΑΦΗΣΗΣ | |
| Φορέας πρωτότυπης καταλογογράφησης | MC Athens Campus Library |
| Γλώσσα καταλογογράφησης | Ελληνικά, Μοντέρνα (1453-) |
| Modifying agency | MC Athens Campus Library |
| Κανόνες περιγραφικής καταλογογράφησης | AACR2 |
| 245 1# - ΤΙΤΛΟΣ ΚΑΙ ΔΗΛΩΣΗ ΥΠΕΥΘΥΝΟΤΗΤΑΣ | |
| Τίτλος | Το Μικρό Βιβλίο για τα Τρόφιμα / Μια Εκρηκτική Αφήγηση για τα Τρόφιμα που Τρώμε Σήμερα |
| 250 ## - EDITION STATEMENT | |
| Edition statement | 1η |
| 260 ## - PUBLICATION, DISTRIBUTION, ETC. | |
| Name of publisher, distributor, etc. | Κέρκυρα, |
| Date of publication, distribution, etc. | 2004 |
| 300 ## - PHYSICAL DESCRIPTION | |
| Extent | 232 |
| 520 ## - SUMMARY, ETC. | |
| Summary, etc. | Το παρόν βιβλίο καταπιάνεται με τα ζητήματα του πιάτου μας - με ό,τι επηρεάζει την τροφή μας: γενετική τροποίηση, τροφική αλυσίδα, αγροτικές επιδοτήσεις, παχυσαρκία και πολλά άλλα. Πρόλογος, Εισαγωγή, Χυλοπίτες Χύτρας και Πολιτισμός, Τροφική Πορνεία, Απολαμβάνοντας τη Θέα, Αργή Τροφή, Μακροβιοτική, Έδαφος και Διαλύματα, Γιατί Οργανική Γεωργία;, Επιδοτήσεις, Το Πεπτικό Σύστημα, Παχυσαρκία, Πολύ Γρήγορη και Πρόχειρη Τροφή, Εντατική Γεωργία, Θανατηφόρες Ασθένειες, Η (Όχι και Τόσο;) Πρασινη Επανάσταση, Τροφικά Μίλια και η Τροφική Αλυσίδα, Σουπερμάρκετ, Οικείες Γεύσεις, Γλυκά Τίποτα, Αγορές Χρηματιστηριακών Εμπορευμάτων, Θεμιτό Εμπόριο, Οι ΗΠΑ, Διακυβέρνηση, Φυτοφάρμακα, Ενέργεια, Οργανικά Φωσφορικά Άλατα, Οιστρογόνα, Γενετικά Τροποιημένα Τρόφιμα, Ψαρεύοντας για Τροφή, Η Μεταχείριση των Ζώων, Λειτουργικά Τρόφιμα, Αντιβιοτικά, Προσθετικά, Τα Πλήρη Δημητριακά, Διατροφή και Ποιότητα Τροφίμων, Η Τροφή του Εγκεφάλου, Υδρογόνωση του Λίπους, Μικροκύματα, Χορτοφάγοι, Νηστεία, Διαφορετικές Χώρες, Συσκευασία, Εκπαίδευση, Παραπομπές. |
| 700 1# - ΠΡΟΣΘΕΤΗ ΑΝΑΓΡΑΦΗ--ΦΥΣΙΚΟ ΠΡΟΣΩΠΟ | |
| Personal name | Sams Craig |
| 9 (RLIN) | 2600 |
| 942 ## - ADDED ENTRY ELEMENTS (KOHA) | |
| Koha item type | Books |
| Τύπος τεκμηρίου | Βιβλιοθήκη | Τρέχουσα τοποθεσία | Barcode | Αριθμός εισαγωγής | Ημερομηνία απόκτησης | Ταξιθετικό σύμβολο | Αριθμός αντιτύπου | Κατάσταση απόσυρσης | Κατάσταση χαμένου | Κατάσταση κατεστραμμένου | Μη δανεισμός | Σύνολο δανεισμών | Ημερομηνία τελευταίας εμφάνισης | Η τιμή ισχύει από |
|---|---|---|---|---|---|---|---|---|---|---|---|---|---|---|
| Books | MC Athens Campus Library | MC Athens Campus Library | 9780000019981 | 4210 | 05/06/2025 | 641.322 SAM | 1 | 05/06/2025 | 05/06/2025 |